[Event "Taastrup Quick Weekend 28th C"]
[Site "Taastrup"]
[Date "2018.11.10"]
[Round "4"]
[White "Olsen, Bjorn"]
[Black "Hansen, Verner"]
[Result "0-1"]
[WhiteElo "1784"]
[BlackElo "1850"]
[PlyCount "92"]
[EventDate "2018.11.09"]
[EventType "tourn"]
[EventRounds "5"]
[EventCountry "DEN"]
[SourceTitle "CBM 189 Extra"]
[Source "ChessBase"]
[SourceDate "2019.05.31"]
[SourceVersion "1"]
[SourceVersionDate "2019.05.31"]
[SourceQuality "1"]

1. e4 e5 2. Nf3 Nc6 3. Bb5 a6 4. Ba4 Nf6 5. 0-0 d6 6. Bxc6+ bxc6 7. d4 exd4 8. Nxd4 c5 9. Nf3 Bg4 10. Bg5 Be7 11. Qd3 0-0 12. Nc3 Re8 13. Rfe1 Nd7 14. Bxe7 Rxe7 15. Nd5 Re6 16. Nd2 Ne5 17. Qg3 c6 18. Nf4 Rh6 19. Nf1 Be6 20. b3 Ng6 21. Rad1 Nxf4 22. Qxf4 d5 23. exd5 cxd5 24. c3 Rg6 25. Ne3 Qd7 26. f3 Rd8 27. Rd2 Rf6 28. Qe5 Rg6 29. Red1 f6 30. Qf4 Rg5 31. g4 Re5 32. h4 Bf7 33. g5 Qe6 34. Ng4 Re1+ 35. Rxe1 Qxe1+ 36. Kg2 fxg5 37. Qxg5 Rd6 38. Qf4 Re6 39. Rf2 h5 40. Nh2 Rg6+ 41. Ng4 hxg4 42. fxg4 Qe4+ 43. Qxe4 dxe4 44. g5 e3 45. Rf5 Rd6 46. Kf3 Rd3 0-1

[Event "Taastrup Quick Weekend 28th C"]
[Site "Taastrup"]
[Date "2018.11.10"]
[Round "3"]
[White "Olsen, Bjorn"]
[Black "Mejlvang, Magnus"]
[Result "1-0"]
[WhiteElo "1784"]
[BlackElo "1859"]
[PlyCount "113"]
[EventDate "2018.11.09"]
[EventType "tourn"]
[EventRounds "5"]
[EventCountry "DEN"]
[SourceTitle "CBM 189 Extra"]
[Source "ChessBase"]
[SourceDate "2019.05.31"]
[SourceVersion "1"]
[SourceVersionDate "2019.05.31"]
[SourceQuality "1"]

1. e4 e6 2. d4 d5 3. Nd2 Nf6 4. e5 Nfd7 5. Bd3 c5 6. c3 Nc6 7. Ne2 Be7 8. 0-0 0-0 9. Nf3 cxd4 10. cxd4 f6 11. exf6 Nxf6 12. a3 Bd7 13. Re1 Qb6 14. Nf4 Na5 15. b4 Nc4 16. Qe2 Rae8 17. Bxc4 dxc4 18. Qxc4 Bd6 19. Qb3 Ng4 20. Nh3 Rf5 21. Be3 Bc6 22. d5 Nxe3 23. dxc6 Nd5 24. cxb7 Qxb7 25. Rad1 Qf7 26. Re4 Rf8 27. Re2 Qh5 28. Rxe6 Rxf3 29. Qxd5 Rxh3 30. Rxd6+ Qxd5 31. R6xd5 Rxa3 32. Rd7 Rb3 33. Rxa7 Rxb4 34. g3 Rb6 35. Rdd7 Rg6 36. Kg2 h5 37. h3 Kh7 38. Rd5 Rh6 39. Raa5 g6 40. Rd7+ Kh8 41. Raa7 Rb8 42. h4 Kg8 43. Kh3 Kf8 44. f4 Rh8 45. Rg7 Rh6 46. Raf7+ Ke8 47. Rf6 Rh8 48. Rfxg6 Kf8 49. Rc7 Rb5 50. Ra6 Rb8 51. Raa7 Rh6 52. Rf7+ Kg8 53. Rg7+ Kh8 54. Rg5 Rg8 55. Re5 Rf8 56. Raa5 Kg7 57. Rxh5 1-0

[Event "Taastrup Quick Weekend 28th C"]
[Site "Taastrup"]
[Date "2018.11.09"]
[Round "2"]
[White "Petrovski, Petruli"]
[Black "Olsen, Bjorn"]
[Result "1/2-1/2"]
[WhiteElo "1867"]
[BlackElo "1784"]
[PlyCount "82"]
[EventDate "2018.11.09"]
[EventType "tourn"]
[EventRounds "5"]
[EventCountry "DEN"]
[SourceTitle "CBM 189 Extra"]
[Source "ChessBase"]
[SourceDate "2019.05.31"]
[SourceVersion "1"]
[SourceVersionDate "2019.05.31"]
[SourceQuality "1"]

1. Nf3 d6 2. g3 e5 3. d3 f5 4. Bg5 Be7 5. Bxe7 Qxe7 6. e4 fxe4 7. dxe4 Nf6 8. Nc3 c6 9. Bg2 0-0 10. 0-0 Nbd7 11. Re1 b5 12. a3 Nb6 13. b3 Kh8 14. h3 Be6 15. Qe2 Rad8 16. Red1 Nfd7 17. Rd2 Nc5 18. Rad1 Nb7 19. Qe3 Qf6 20. a4 b4 21. Na2 c5 22. Nh4 Nc8 23. Rf1 Na5 24. Kh2 Nc6 25. Nc1 Nd4 26. Ne2 g5 27. Nf5 Nxf5 28. exf5 Bxf5 29. f4 gxf4 30. gxf4 Qe7 31. fxe5 Bg6 32. Rxf8+ Rxf8 33. e6 Qf6 34. Ng3 Re8 35. Rf2 Qe5 36. Qh6 Qxe6 37. Rf8+ Rxf8 38. Qxf8+ Qg8 39. Qf6+ Qg7 40. Qd8+ Qg8 41. Qf6+ Qg7 1/2-1/2

[Event "Frederiksberg-ch"]
[Site "Frederiksberg"]
[Date "2018.05.23"]
[Round "6"]
[White "Sorensen, Dick"]
[Black "Olsen, Bjorn"]
[Result "1-0"]
[WhiteElo "1973"]
[BlackElo "1923"]
[PlyCount "75"]
[EventDate "2018.04.11"]
[EventType "tourn"]
[EventRounds "7"]
[EventCountry "DEN"]
[SourceTitle "EXT 2020"]
[Source "ChessBase"]
[SourceDate "2019.10.17"]
[SourceVersion "1"]
[SourceVersionDate "2019.10.17"]
[SourceQuality "1"]

1. Nf3 Nf6 2. d4 g6 3. c4 Bg7 4. Nc3 0-0 5. e3 b6 6. Be2 Bb7 7. Qc2 d6 8. 0-0 Nbd7 9. b3 e5 10. dxe5 Nxe5 11. Nxe5 dxe5 12. a4 Qe7 13. Ba3 c5 14. e4 Rfd8 15. Nd5 Bxd5 16. cxd5 Ne8 17. Bb5 Nd6 18. Bc6 Rac8 19. b4 Qh4 20. Rae1 cxb4 21. Bxb4 Bf8 22. Qd3 Qf4 23. a5 Rb8 24. axb6 axb6 25. Bd2 Qh4 26. f4 f5 27. exf5 e4 28. Qa6 Nxf5 29. d6 Nxd6 30. Bd5+ Nf7 31. Bxf7+ Kxf7 32. Qc4+ Ke8 33. Rxe4+ Be7 34. Bb4 Rb7 35. Rxe7+ Rxe7 36. Qg8+ Kd7 37. Rd1+ Kc6 38. Qxd8 1-0

[Event "Frederiksberg-ch"]
[Site "Frederiksberg"]
[Date "2018.05.02"]
[Round "4"]
[White "Olsen, Bjorn"]
[Black "Hansen, John Laurids"]
[Result "0-1"]
[WhiteElo "1923"]
[BlackElo "1906"]
[PlyCount "78"]
[EventDate "2018.04.11"]
[EventType "tourn"]
[EventRounds "7"]
[EventCountry "DEN"]
[SourceTitle "EXT 2020"]
[Source "ChessBase"]
[SourceDate "2019.10.17"]
[SourceVersion "1"]
[SourceVersionDate "2019.10.17"]
[SourceQuality "1"]

1. d4 Nf6 2. c4 g6 3. g3 Bg7 4. Bg2 0-0 5. Nf3 c5 6. d5 d6 7. 0-0 Na6 8. Nc3 Nc7 9. a4 b6 10. e4 Na6 11. e5 dxe5 12. Nxe5 Bb7 13. Qe2 Re8 14. Rd1 Qc8 15. Nb5 Nb4 16. d6 Bxg2 17. d7 Nxd7 18. Rxd7 Bxe5 19. Qxe5 Qxd7 20. Kxg2 Nd3 21. Qe4 Red8 22. Bg5 f6 23. Bh6 Qh3+ 24. Kg1 Qxh6 25. Nc7 Rac8 26. Nd5 Kh8 27. Qxe7 Qg7 28. Qe2 Ne5 29. Nf4 Re8 30. Rd1 Nc6 31. Qf3 Nd4 32. Qg4 f5 33. Qh3 Rcd8 34. Qf1 Nf3+ 35. Kg2 Rxd1 36. Qxd1 Nd4 37. a5 Qe5 38. h4 Qe4+ 39. Kh3 Qe1 0-1

[Event "DEN-ch G7-1"]
[Site "Svendborg"]
[Date "2018.04.02"]
[Round "7"]
[White "Mortensen, Henrik"]
[Black "Olsen, Bjorn"]
[Result "1/2-1/2"]
[WhiteElo "1939"]
[BlackElo "1855"]
[PlyCount "84"]
[EventDate "2018.03.27"]
[EventType "swiss"]
[EventRounds "7"]
[EventCountry "DEN"]
[SourceTitle "EXT 2019"]
[Source "ChessBase"]
[SourceDate "2018.10.10"]
[SourceVersion "1"]
[SourceVersionDate "2018.10.10"]
[SourceQuality "1"]

1. e4 c6 2. d4 d5 3. Nd2 dxe4 4. Nxe4 Nf6 5. Nxf6+ gxf6 6. g3 h5 7. h4 Qd5 8. Nf3 Bg4 9. Bg2 Qe4+ 10. Qe2 Qxe2+ 11. Kxe2 e6 12. Re1 Na6 13. Kf1 Nb4 14. Re2 Bf5 15. Ne1 0-0-0 16. a3 Nd5 17. Bd2 Bd6 18. c4 Ne7 19. Be3 Kb8 20. b4 Bg4 21. Rb2 Nf5 22. c5 Nxe3+ 23. fxe3 Bxg3 24. b5 Kc7 25. bxc6 bxc6 26. Rab1 Rb8 27. Rxb8 Rxb8 28. Rxb8 Kxb8 29. Bxc6 Bxh4 30. Be8 Bg5 31. Kf2 h4 32. Bxf7 Kc7 33. d5 exd5 34. Bxd5 Bd7 35. Nf3 Bc6 36. e4 Bd7 37. e5 Bg4 38. e6 Bxf3 39. Kxf3 f5 40. c6 Kd6 41. a4 a5 42. Kg2 Kc7 1/2-1/2

[Event "Copenhagen Bronshoj op"]
[Site "Copenhagen"]
[Date "2017.02.11"]
[Round "2"]
[White "Frank Nielsen, Marie"]
[Black "Olsen, Bjorn"]
[Result "1-0"]
[WhiteElo "1958"]
[BlackElo "1696"]
[PlyCount "103"]
[EventDate "2017.02.10"]
[EventType "swiss"]
[EventRounds "7"]
[EventCountry "DEN"]
[SourceTitle "CBM 176 Extra"]
[Source "ChessBase"]
[SourceDate "2017.03.02"]
[SourceVersion "1"]
[SourceVersionDate "2017.03.02"]
[SourceQuality "1"]

1. e4 c5 2. c3 d5 3. exd5 Qxd5 4. d4 Nc6 5. Nf3 Nf6 6. Be2 cxd4 7. cxd4 e6 8. Nc3 Qd6 9. 0-0 a6 10. h3 b5 11. a3 Bb7 12. Be3 Be7 13. Qd2 Rd8 14. Rad1 0-0 15. b4 Rfe8 16. Rfe1 Nb8 17. Bf4 Qb6 18. Be3 Qd6 19. Ne5 Nbd7 20. Bf4 Qb6 21. Qb2 Nd5 22. Bg3 N7f6 23. Nxd5 Bxd5 24. Nd3 Ne4 25. Bf4 Bf6 26. Be3 Nd6 27. Nc5 Qc6 28. Bf1 h5 29. Rc1 Nc4 30. Qe2 g6 31. Nd3 Be4 32. Ne5 Qb7 33. Nxc4 bxc4 34. Qxc4 Rd7 35. Qxa6 Red8 36. Qxb7 Bxb7 37. Bb5 Rd6 38. Rc7 Ba8 39. Rec1 Bxd4 40. Bxd4 Rxd4 41. Bf1 Kg7 42. b5 Bd5 43. Ra7 Ra8 44. Rxa8 Bxa8 45. Bc4 Kf6 46. a4 Ke7 47. a5 Kd8 48. b6 Rd6 49. Ba6 Bc6 50. Rb1 Rd7 51. b7 Bxb7 52. Bxb7 1-0

[Event "Copenhagen Bronshoj op"]
[Site "Copenhagen"]
[Date "2017.02.10"]
[Round "1"]
[White "Olsen, Bjorn"]
[Black "Kragh, Niels Kristian"]
[Result "1/2-1/2"]
[WhiteElo "1696"]
[BlackElo "2117"]
[PlyCount "66"]
[EventDate "2017.02.10"]
[EventType "swiss"]
[EventRounds "7"]
[EventCountry "DEN"]
[SourceTitle "CBM 176 Extra"]
[Source "ChessBase"]
[SourceDate "2017.03.02"]
[SourceVersion "1"]
[SourceVersionDate "2017.03.02"]
[SourceQuality "1"]

1. d4 d5 2. c4 e6 3. Nc3 Be7 4. Bf4 Nf6 5. e3 0-0 6. Nf3 b6 7. cxd5 Nxd5 8. Bg3 Bb7 9. Bd3 c5 10. 0-0 Nc6 11. Rc1 cxd4 12. Nxd5 Qxd5 13. Bc4 Qh5 14. Nxd4 Qxd1 15. Rfxd1 Rfd8 16. Nxc6 Bxc6 17. Be5 b5 18. Be2 Rxd1+ 19. Rxd1 f6 20. Bd6 Bxd6 21. Rxd6 Bd5 22. Bxb5 Rc8 23. h3 Rc1+ 24. Kh2 Rc2 25. Kg3 Rxb2 26. a4 h5 27. h4 g5 28. Rd8+ Kg7 29. f3 gxh4+ 30. Kh3 Rb3 31. Rd7+ Kh6 32. Rxa7 Rxe3 33. Kxh4 Ra3 1/2-1/2